Telecommunications (Record no. 19525)

MARC details
000 -LEADER
fixed length control field 01102cab a2200241 4500
001 - CONTROL NUMBER
control field WB3127-30
008 - FIXED-LENGTH DATA ELEMENTS--GENERAL INFORMATION
fixed length control field 090401t1995 xxu||||| |||| 00| 0 eng d
035 ## - SYSTEM CONTROL NUMBER
System control number (Sirsi) u29011
041 ## - LANGUAGE CODE
Language code of text/sound track or separate title eng
245 ## - TITLE STATEMENT
Title Telecommunications
260 ## - PUBLICATION, DISTRIBUTION, ETC.
Date of publication, distribution, etc. 1995
350 ## - PRICE (NR) (BK AM CF MU VM SE) [OBSOLETE]
Price 0
490 ## - SERIES STATEMENT
Series statement Estates Gazette Case Summaries
Volume/sequential designation (1995) EGCS 121(1) (8/7/95))
520 ## - SUMMARY, ETC.
Summary, etc. "Tandridge DC v Telecom Securicor Cellular Radio Ltd" QBD 27 June 1995. Their first telecommunications planning application with requisite fee having been refused, the defendants submitted drawings of a new site but without a fee and written description and without calling it an application. On the expiry of the 28-day notice period, they maintained they had deemed approval. The plaintiffs claim, that the second application was not valid was upheld.
650 ## - SUBJECT ADDED ENTRY--TOPICAL TERM
Topical term or geographic name entry element GENERAL DEVELOPMENT ORDER (AMENDMENT) (NO6) 1992 CONDITION A2
650 ## - SUBJECT ADDED ENTRY--TOPICAL TERM
Topical term or geographic name entry element OBJECTIONS
650 ## - SUBJECT ADDED ENTRY--TOPICAL TERM
Topical term or geographic name entry element PLANNING APPLICATIONS
650 ## - SUBJECT ADDED ENTRY--TOPICAL TERM
Topical term or geographic name entry element TELECOMMUNICATIONS
650 ## - SUBJECT ADDED ENTRY--TOPICAL TERM
Topical term or geographic name entry element TELEPHONE
690 ## - LOCAL SUBJECT ADDED ENTRY--TOPICAL TERM (OCLC, RLIN)
Topical term or geographic name as entry element PLANNING LAW AND PRACTICE-CASE LAW
942 ## - ADDED ENTRY ELEMENTS (KOHA)
Suppress in OPAC 0
948 ## - LOCAL PROCESSING INFORMATION (OCLC); SERIES PART DESIGNATOR (RLIN)
c (OCLC) 04/03/1997
Holdings
Withdrawn status Lost status Source of classification or shelving scheme Damaged status Not for loan Home library Current library Shelving location Date acquired Total Checkouts Full call number Barcode Date last seen Copy number Price effective from Koha item type
    Dewey Decimal Classification     London London Journal article 14/09/1999   WB3127-30 29011-1001 06/08/2019 1 06/08/2019 Law report